Score 0/50 Timer 04:00
0 Plays Today
Title M or N? % Correct
To Kill a Mockingbird???
84.2%
Lolita???
82.5%
Mein Kampf???
82.2%
Becoming???
80.9%
Little Women???
80.9%
Brideshead Revisited???
78.9%
American Gods???
78.7%
Cannery Row???
77.2%
One Flew Over the Cuckoo's Nest???
77.1%
The Motorcycle Diaries???
76.2%
Love in the Time of Cholera???
75.5%
A Confederacy of Dunces???
74.1%
Infinite Jest???
73.8%
Reading Lolita in Tehran???
73.4%
Midnight's Children???
73.2%
Light in August???
73%
Of Human Bondage???
73%
Twelve Years a Slave???
71.9%
Me Talk Pretty One Day???
70.8%
Eat, Pray, Love???
70.3%
Their Eyes Were Watching God???
70.1%
Invisible Man???
70%
The Bluest Eye???
69.7%
Walden???
69.6%
Crazy Rich Asians???
69.3%
Title M or N? % Correct
Never Let Me Go???
69.2%
The God of Small Things???
68.5%
I Know Why the Caged Bird Sings???
67.5%
An American Tragedy???
67.4%
Memoirs of a Geisha???
66.4%
Tuesdays with Morrie???
65.3%
Stranger in a Strange Land???
64.9%
Things Fall Apart???
64.9%
All the Light We Cannot See???
63.8%
Life on the Mississippi???
63.7%
Night???
63.5%
Angela's Ashes???
61.7%
Out of Africa???
59.5%
Orange Is the New Black???
59.4%
The Year of Magical Thinking???
58.1%
Wild???
55.4%
Surprised by Joy???
55.1%
The Pianist???
51.9%
Native Son???
51.8%
A Heartbreaking Work of Staggering Genius???
50.4%
Boy???
49.7%
Just Mercy???
49.1%
The Diving Bell and the Butterfly???
48.6%
The Boy Who Harnessed the Wind???
44.1%
A Moveable Feast???
34.8%
Remove Ads.
Support Sporcle.
Get the best of Sporcle when you Go Orange. This ad-free experience offers more features, more stats, and more fun while also helping to support Sporcle. Thank you for becoming a member.

You're not logged in!

Compare scores with friends on all Sporcle quizzes.
OR
Log In

Sporcle TV

Today on Sporcle TV


Watch our educational content, quiz creation guides, and fun videos on Sporcle TV.

Show Comments

Extras

Top Quizzes Today


Score Distribution

Paid Content

Your Account Isn't Verified!

In order to create a playlist on Sporcle, you need to verify the email address you used during registration. Go to your Sporcle Settings to finish the process.

Report this User

Report this user for behavior that violates our Community Guidelines.

Details: